00431nam a2200181Ia 4500003000400000008004100004040001600045082001600061100001800077245003000095260003500125300000900160650001200169650000900181650001300190650001400203650003200217GCL140319s9999 xx 000 0 eng d aGCL / cGCL04a759.46bD P1 aDIEHL, GASTON10aPICASSO / cDIEHL, GASTON a[S.N] : bFLAMMARION ، c1977 a96 P04aDRAWING04aARTS04aPAINTERS04aPAINTINGS04aPICASSO, PABLO, 1881 - 1973